Cervantes élete és művei a költő egyetlen hiteles arcképével /

Elmentve itt :
Bibliográfiai részletek
Szerző: Kőrösi Albin
Dokumentumtípus: Cikk
Megjelent: 1918
Sorozat:Kolligátum
Kulcsszavak:Spanyol irodalom - 17. sz. - életmű - életrajz
Online Access:http://misc.bibl.u-szeged.hu/22843
LEADER 00596nab a2200169 i 4500
001 misc22843
005 20191111110526.0
008 170725s1918 hu o 0|| zxx d
040 |a SZTE Miscellanea Repozitórium  |b hun 
041 |a zxx 
100 1 |a Kőrösi Albin 
245 1 0 |a Cervantes élete és művei   |h [elektronikus dokumentum] :  |b a költő egyetlen hiteles arcképével /  |c  Kőrösi Albin 
260 |c 1918 
300 |a 1-56 
490 0 |a Kolligátum 
695 |a Spanyol irodalom - 17. sz. - életmű - életrajz 
856 4 0 |u http://misc.bibl.u-szeged.hu/22843/1/03837_001-056.pdf  |z Dokumentum-elérés